000
00299nam a2200121Ia 4500
008
170620s9999 xx 000 0 und d
100
_a
DANDEKAR-S.P.
245
0
_a
CONCISE MEDICAL BIOCHEMISTRY
260
_b
ELSEVIER NEW DELHI
260
_c
2011
300
_a
404
546
_a
English
690
_a
CONCISE MEDICAL BIOCHEMISTRY
999
_c
31290
_d
31290